Top 10 Ugliest Cities in the USA - Statistics

General Stats
  • This quiz has been taken 158 times
  • The average score is 6 of 10
Answer Stats
State Answer % Correct
1 IN Indianapolis
97%
3 NC Charlotte
80%
8 FL Jacksonville
77%
4 KY Louisville
74%
2 IN Fort Wayne
54%
5 AZ Mesa
54%
10 CA Fresno
44%
6 NC Winston-Salem
35%
7 TX Laredo
27%
9 FL Hialeah
19%
No matching quizzes found
Score Distribution
Percent of People with Each Score
Percentile by Number Answered
Your Score History
You have not taken this quiz